000
00329nam a22001457a 4500
003
SGT
020
_a
9780143104377
082
_a
320.954
_b
V09K
100
_a
KHAN, YAASMEEN
245
_a
VIBHAJAN: BHARAT OR PAKISTAN KA UDAY
260
_b
PENGUIN BOOKS
_c
2009
300
_a
280
650
_a
POLITICAL SCIENCE
942
_2
ddc
_c
BK
999
_c
28072
_d
28072